| 000 | 00782nam a2200193 a 4500 | ||
|---|---|---|---|
| 008 | 120416s1992 ||||||||||||||||| || u | ||
| 020 | _a1557755795 | ||
| 050 | _aIMF(02) | ||
| 100 | _aSwiderski, Karen | ||
| 245 | 1 | 0 | _aFinancial programming and policy: the case of Hungary |
| 260 |
_aWashington, D.C. _bIMF _c1992 |
||
| 300 | _a205p. : ill. | ||
| 350 | _a0.00 | ||
| 650 | _aFINANCE--SRI LANKA | ||
| 650 | 0 | _aECONOMIC POLICY | |
| 650 | _aMONETARY POLICY--SRI LANKA | ||
| 995 |
_aSPECIAL COLLECTIONS _D0.00 _e019173 _FCBU-MAIN LIBRARY (Kitwe) _H1 _I19.00 _jIMF(02)1996/ 4A _M1 _UAVAILABLE _y019173 _ZInternational Publications |
||
| 995 |
_aSPECIAL COLLECTIONS _D0.00 _e019502 _FCBU-MAIN LIBRARY (Kitwe) _H1 _I0.00 _jIMF(02)96/ 4B _M1 _UAVAILABLE _WApr 8, 2008 _y019502 _ZInternational Publications |
||
| 999 |
_c63109 _d63109 |
||